01281nam a2200265Ia 4500001000600000003000900006008004100015040001300056040001300069041001300082100001100095100002900106245005300135245005200188250001100240260001100251260002800262260004900290300005700339500051500396650002700911650003100938700001700969700002900986B4365IT-RoPAU130308s9999 xx 000 0 und d aIT-RoPAU cIT-RoPAU aITALIANO aAA.VV. gCodice Aut. SPICS: 12000 aEducazione musicale in una società multietnica bEducazione Musicale in una Societa' Multietnica a1a ed. aASSISI bPro Civitate Christiana c1992 [1° Ed.:1992 - Ed.Ling.Originale:1992] a"200 p. (prefazione: no ; testo: 200 [pagine: 0-0])" aAtti del Convegno Tenuto Alla cittadella di Assisi Sull'Educazione Musicale. Introduzione di Nora Cervi. presentazione di Mario Piatti: Situazione Stimolo, Educazione e Identità. Problemi e temi per una Riflessione Comune Presentati da Gino Stefani: Soggetti/Culture, Bisogni, Integrazione, Sincretismo, Diversità, Democrazia. relazioni di Autori Vari. Esperienze, Comunicazioni. gruppi di Lavoro e Dibattiti Conclusivi. in Appendice: testo del Documento del consiglio Nazionale della Pubblica Istruzione. aEDUCAZIONE ALLA MUSICA eCodice materia Spics: 7012 aPiatti Mario gCodice Aut. SPICS: 11071